000 00493nam a2200181Ia 4500
008 090123s9999 xx 000 0 und d
082 _b26534
_a891.463/नऱ्हे
100 _aनऱ्हे शंकर
245 _aभास
250 _a0
260 _bचंद्रमौळी प्रकाशन
300 _a184
600 _aनऱ्हे शंकर
630 _aभास
700 _aनऱ्हे शंकर
730 _aभास
942 _cBOOK
999 _c64603
_d64603